Vliv efektivních daňových sazeb a jejich komponent na přímé zahraniční investice - případ členských zemí EU
Korporátne dane a priame zahraničné investície. Efektívna sadzba dane korporácií krajín EÚ. Panelová regresia vzťahu PZI a efektívnych daňových sadzieb.
Saved in:
| Main Author: | |
|---|---|
| Other Authors: | |
| Format: | Book Chapter |
| Language: | Czech |
| Subjects: | |
| Tags: |
No Tags, Be the first to tag this record!
|
MARC
| LEADER | 00000naa a2200000 4500 | ||
|---|---|---|---|
| 001 | 0169869 | ||
| 005 | 20231207121335.9 | ||
| 041 | 0 | |a cze | |
| 044 | |a CZ | ||
| 245 | 1 | 0 | |a Vliv efektivních daňových sazeb a jejich komponent na přímé zahraniční investice - případ členských zemí EU |c Lenka Janíčková, Veronika Baranová |
| 520 | |a Korporátne dane a priame zahraničné investície. Efektívna sadzba dane korporácií krajín EÚ. Panelová regresia vzťahu PZI a efektívnych daňových sadzieb. | ||
| 610 | 2 | 0 | |a dane korporatívne |
| 610 | 2 | 0 | |a Európska únia |
| 610 | 2 | 0 | |a investície priame zahraničné |
| 610 | 2 | 0 | |a sadzby daňové |
| 610 | 2 | 0 | |a efektívnosť ekonomická |
| 100 | 1 | |a Janíčková, Lenka | |
| 700 | 1 | |a Baranová, Veronika | |